LEADER 01095nam a2200253 4500 001 000000358503 003 CaOOAMICUS 005 20240618114254.0 008 240527s1973 it 000 u ita r 040 $aSeMil$bita 100 1 $aSteinmann, Jean,$d<1911-1963>.$0(OLS)http://semarc/name/23167 240 10$aSaint Jean-Baptiste et la spiritualité du désert.$0(OLS)http://semarc/title/449075 245 10$aGiovanni Battista e la spiritualità del deserto /$cJean Steinmann. 264 1$aTorino :$bGribaudi,$c1973. 300 $a140 p. ;$c19 cm 490 1 $aRitorno alle fonti ;$v2 600 04$aGiovanni Battista .$0(OLS)http://semarc/subject/5678 830 0$aRitorno alle fonti ;$v2.$0(OLS)http://semarc/title/7720 850 $aSeMil 852 $aSeMil$W1$xVenegono$y1$m2Y I 267$j249169$B249609$CSeMilBibl$Z2$F249609 $81 961 $aCitrini don Tullio - Omaggio 996 $6245$aGiovanni Battista e la spiritualità del deserto$9(OLS)http://semarc/title/448868 996 $6264$aTorino :$bGribaudi$9(OLS)http://semarc/publisher/31540 LEADER 01673nam a2200289 i 4500 001 000000079815 003 CaOOAMICUS 005 20181012114358.0 008 170515s2016 it u000 u ita u 013 $a52053 020 $a978-88-7878-259-4 040 $aSeMil$bita 110 0 $aRinnovamento nello Spirito Santo :$bComitato nazionale di servizio.$0(OLS)http://semarc/name/91292 245 14$a«Un cuor solo un'anima sola» :$blinee guida per l'approfondimento dell'esperienza dell'effusione dello Spirito e per la costruzione di comunità carismatiche /$cRinnovamento nello Spirito Santo ; a cura del Comitato Nazionale di Servizio in collaborazione con Mons. Antonio Pitta, P. Luis Navarro. 260 $aRoma :$bRinnovamento nello Spirito Santo,$c2016. 300 $a80 p. ;$c19 cm. 650 4$aRinnovamento nello Spirito (Movimento).$0(OLS)http://semarc/subject/1768 700 1 $aNavarro, Luis Sànchez.$0(OLS)http://semarc/name/18745 700 1 $aComitato Nazionale di Servizio.$0(OLS)http://semarc/name/91293 700 1 $aPitta, Antonio,$c.$0(OLS)http://semarc/name/20188 850 $aSeMil 852 $aSeMil$W1$xVenegono$y1$m3E VI 156$j45444$B45444$CSeMilBibl$Z2$F47412 $81 961 $aOmaggio: Delpini mons. Mario 996 $6020$a978-88-7878-259-4$9(OLS)http://semarc/number/270625 996 $6245$a«Un cuor solo un'anima sola» :$blinee guida per l'approfondimento dell'esperienza dell'effusione dello Spirito e per la costruzione di comunità carismatiche$9(OLS)http://semarc/title/403655 996 $6260$aRoma :$bRinnovamento nello Spirito Santo$9(OLS)http://semarc/publisher/33016